| 000 | 00552nam a2200193 a 4500 | ||
|---|---|---|---|
| 005 | 20230214064054.0 | ||
| 008 | 041202s1998 mx r 000 0 spa d | ||
| 020 | _a9506412596 | ||
| 035 | _aUPN01000136844 | ||
| 049 | _aCG | ||
| 050 | 4 |
_aHD58.8 _bM3.3 |
|
| 100 | 1 | _aMaristany, Jaime | |
| 245 | 1 | 3 |
_aLa acción para el cambio : _blos elementos básicos para concretarlos / _cJaime Maristany. |
| 260 |
_aBarcelona, Esp. : _bGranica, _cc1998. |
||
| 300 | _a153 p. | ||
| 440 | 0 | _aManagement | |
| 650 | 4 |
_aCambio organizacional _94984 |
|
| 905 | _aLibro | ||
| 999 |
_c108995 _d108995 |
||